Kyo - Je saigne encore (paroles) - Statistiques

Statistiques générales
  • Ce quiz a été pris 206 fois
    126 depuis la dernière actualisation
  • Le résultat moyen est 167 sur 188
Statistiques - réponses
PAROLES % Correct
à
98%
a
98%
de
98%
corps
96%
dans
96%
en
96%
encore
96%
encore"
96%
"encore
96%
Il
96%
Je
96%
je
96%
la
96%
saigne
96%
sur
96%
ce
94%
droit
94%
Et
94%
et
94%
le
94%
mort
94%
te
94%
mon
92%
ton
92%
tu
92%
Mais
90%
mais
90%
qui
90%
souris
90%
un
90%
âme
88%
plus
88%
sais
88%
suis
88%
ça
87%
fort
87%
moi
87%
pas
87%
rend
87%
ses
87%
au
85%
déjà
85%
dernier
85%
dire
85%
effort
85%
lame
85%
mains
85%
même
85%
poser
85%
que
85%
toi
85%
Tout
85%
une
85%
coeur
83%
d'une
83%
l'ombre
83%
mal
83%
ne
83%
regard
83%
fait
81%
larme
81%
loin
81%
nous
81%
ta
81%
tue
81%
enfoncée
79%
odeur
79%
Regarde
79%
crois-moi
75%
permets
75%
quand
75%
respirer
75%
rouge
75%
visage
75%
blesse
69%
caresser
69%
chaleur
69%
voix
69%
aime
65%
t'endors
63%
Aucun quiz correspondant
Distribution des résultats
% des personnes avec chaque résultat
Percentile par nombre de réponses
Votre historique - résultats
Vous n’avez pas pris ce quiz depuis la dernière actualisation